00325nam a2200121Ia 4500008004100000041000800041082001200049100001900061245004500080260004400125300002300169365001100192240624s9999 xx 000 0 und d aeng a823 TRI aTRINADH B NAGA aRASCAL S LIFE I ARMANI FERRARI GIRLFRIEN c2011aMumbaibHimalaya Publishing House a86 : p. : cm. ; 22 cRSb30